[Event "Ckhaltubo"]
[Site "Ckhaltubo"]
[Date "1981.??.??"]
[Round "?"]
[White "Giorgadze, Tamaz"]
[Black "Gaprindashvili, Nona"]
[Result "1-0"]
[WhiteElo "2530"]
[BlackElo "2300"]

1.e4 c5 2.Nf3 d6 3.d4 cxd4 4.Nxd4 Nf6 5.Nc3 a6 6.Be3 e5 7.Nb3 Be6 8.f3 Nbd7
9.Qd2 b5 10.a4 b4 11.Nd5 Bxd5 12.exd5 Nb6 13.Bxb6 Qxb6 14.O-O-O Be7 15.a5 Qb7
16.g4 O-O 17.Bd3 Kh8 18.Kb1 Qa7 19.Bf5 Rab8 20.h4 Rb5 21.Bd3 Rfb8 22.Bxb5 Rxb5
23.Qd3 Nxd5 24.Qc4 Qb7 25.g5 Kg8 26.Qe4 g6 27.Rd2 Nf4 28.Qxb7 Rxb7 29.Re1 Kg7
30.Re4 h6 31.gxh6+ Kxh6 32.Rc4 Kh5 33.Rh2 Ne6 34.Rc8 Kh6 35.Rd2 Nc7 36.Nc5 Ra7
37.Nd3 Kg7 38.Nxb4 Rb7 39.Nd5 Nxd5 40.Rxd5 Bxh4 41.Rxd6 g5 42.Rxa6 Bf2 43.Rc4 Re7  1-0

[Event "Ckhaltubo"]
[Site "Ckhaltubo"]
[Date "1981.??.??"]
[Round "?"]
[White "Gufeld, Eduard"]
[Black "Gaprindashvili, Nona"]
[Result "1/2-1/2"]
[WhiteElo "2515"]
[BlackElo "2300"]

1.e4 c5 2.Nf3 d6 3.d4 cxd4 4.Nxd4 Nf6 5.Nc3 a6 6.Be3 e5 7.Nb3 Be6 8.Qd2 Nbd7
9.f3 b5 10.a4 b4 11.Nd5 Bxd5 12.exd5 Nb6 13.Bxb6 Qxb6 14.a5 Qb7 15.Bc4 Be7
16.Ra4 Rb8 17.Nc1 Bd8 18.O-O O-O 19.Kh1 e4 20.Nb3 exf3 21.gxf3 Nd7 22.Nd4 Nc5
23.Ra2 Qe7 24.Nc6 Qh4 25.Nxb8 Qxc4 26.Raa1 Bf6 27.b3 Qh4 28.Nc6 Bxa1 29.Rxa1 Re8
30.Rf1 g6 31.Nxb4 Ne4 32.Qg2 Ng3+ 33.Qxg3 Qxb4 34.Qg4 Qxa5 35.Qd7 Re1 36.Rxe1 Qxe1+
37.Kg2 Qe2+ 38.Kg3 Qe5+ 39.Kg2 Qg5+ 40.Kf2 Qxd5 41.Qc8+ Kg7 42.Qxa6 Qc5+
43.Kg3 Qxc2 44.b4 Qd2 45.b5 Qe1+ 46.Kg2 Qe2+ 47.Kg3 Qe5+ 48.Kg2 Qb2+ 49.Kg3 d5
50.b6 d4 51.b7 d3 52.Qa8 Qe5+ 53.Kg2 Qe2+ 54.Kg3 Qe5+ 55.Kg2 d2 56.b8=Q Qxb8
57.Qxb8 d1=Q 58.Qe5+  1/2-1/2

[Event "Ckhaltubo"]
[Site "Ckhaltubo"]
[Date "1981.??.??"]
[Round "?"]
[White "Vasiukov, Evgeni"]
[Black "Gaprindashvili, Nona"]
[Result "1-0"]
[WhiteElo "2545"]
[BlackElo "2300"]

1.e4 c5 2.Nf3 d6 3.Nc3 Nf6 4.g3 e5 5.Bg2 g6 6.d3 Bg7 7.Bg5 h6 8.Bxf6 Bxf6
9.h4 Bg4 10.Bh3 Bxh3 11.Rxh3 Qd7 12.Rh1 Nc6 13.Nd5 Bg7 14.h5 O-O-O 15.Nh4 Qe6
16.c3 Bf8 17.Qb3 Kb8 18.hxg6 fxg6 19.Nb4 Qxb3 20.Nxc6+ bxc6 21.axb3 Rg8 22.Ke2 Rd7
23.Nf3 Bg7 24.Nd2 Rf8 25.Nc4 Rdf7 26.Rhf1 Rf6 27.Ra4 R8f7 28.Na5 d5 29.b4 cxb4
30.Rxb4+ Kc8 31.Ra4 Bf8 32.b4 h5 33.c4 dxe4 34.dxe4 g5 35.c5 h4 36.g4 Rd7
37.f3 Be7 38.Rfa1 h3 39.Nc4 h2 40.Nxe5 Rb7 41.Rh1 Rh6 42.Nc4 Kd7 43.Kf1 Bf6
44.e5 Bh8 45.Nd6 Rc7 46.Nf7 Rh4 47.Ra2 Ke6 48.Nxg5+ Kd5 49.Rhxh2 Rxh2 50.Rxh2 Bxe5
51.Re2 Rb7 52.Re4 Bc3 53.Ne6  1-0

[Event "URS-ch (Women)"]
[Site "Ivano Frankovsk"]
[Date "1981.??.??"]
[Round "?"]
[White "Gaprindashvili, Nona"]
[Black "Pudkova, Tatiana N"]
[Result "0-1"]
[WhiteElo "2300"]
[BlackElo "1910"]

1.Nf3 Nf6 2.c4 e6 3.Nc3 d5 4.d4 c6 5.Bg5 dxc4 6.e4 b5 7.e5 h6 8.Bh4 g5 9.Nxg5 hxg5
10.Bxg5 Nbd7 11.g3 Bb7 12.Bg2 Qa5 13.exf6 O-O-O 14.O-O Ne5 15.dxe5 Rxd1 16.Raxd1 b4
17.Ne4 Qxe5 18.Rfe1 Qxb2 19.Rd2 Qe5 20.Bf4 Qa5 21.Red1 e5 22.Be3 c3 23.Rd7 c2
24.R1d3 b3 25.h4 Ba6 26.Bh3 Bxd3 27.Rxd3+ Kc7 28.axb3 Qe1+ 29.Kh2 Qxe3 30.Rxe3 c1=Q  0-1

[Event "URS-ch (Women)"]
[Site "Ivano Frankovsk"]
[Date "1981.??.??"]
[Round "?"]
[White "Gaprindashvili, Nona"]
[Black "Alieva, Elvira"]
[Result "1/2-1/2"]
[WhiteElo "2300"]
[BlackElo "1925"]

1.g3 Nf6 2.Bg2 g6 3.e4 d6 4.d4 Bg7 5.Nc3 O-O 6.Nge2 e5 7.O-O Nbd7 8.h3 exd4
9.Nxd4 Nc5 10.Re1 Re8 11.a4 a5 12.Ndb5 Bd7 13.Kh2 Bc6 14.f3 Qd7 15.Bf1 Re7
16.Be3 b6 17.Qd2 Rae8 18.Bf2 d5 19.Bxc5 bxc5 20.exd5 Nxd5 21.Nxd5 Qxd5 22.Qxd5 Bxd5
23.Rxe7 Rxe7 24.Rd1 Bxf3 25.Rd8+ Bf8 26.Kg1 Kg7 27.Nc3 Re6 28.Bg2 Bxg2 29.Kxg2 Rd6
30.Re8 Rd2+ 31.Re2 Rd4 32.Kf3 h5 33.b3 Rd7 34.Re8 Rd2 35.Re2 Rxe2 36.Nxe2 Bd6
37.Nc1 Be5 38.Nd3 Bd4 39.g4 hxg4+ 40.hxg4 Kf6  1/2-1/2

[Event "URS-ch (Women)"]
[Site "Ivano Frankovsk"]
[Date "1981.??.??"]
[Round "?"]
[White "Titorenko, Natalia I"]
[Black "Gaprindashvili, Nona"]
[Result "0-1"]
[WhiteElo "2190"]
[BlackElo "2300"]

1.d4 Nf6 2.Nf3 e6 3.e3 b6 4.Bd3 Bb7 5.Nbd2 d5 6.Ne5 Nbd7 7.b3 Nxe5 8.dxe5 Nd7
9.Bb2 g6 10.O-O Bg7 11.f4 O-O 12.Qg4 Qe7 13.Nf3 Rae8 14.Nd4 a6 15.Qe2 f6
16.exf6 Bxf6 17.Bxa6 Bxa6 18.Qxa6 c5 19.Nc6 Qd6 20.Bxf6 Rxf6 21.Qb5 Rff8
22.c4 Rc8 23.Na7 Rc7 24.Qa4 Ra8 25.Nb5 Qc6 26.Qxa8+ Qxa8 27.Nxc7 Qc6 28.Nb5 dxc4
29.bxc4 Qe4 30.Nd6 Qxe3+ 31.Kh1 Nf6 32.Rae1 Qd3 33.Rd1 Qc3 34.Rde1 Qd2 35.Rd1 Qc3
36.h3 Qc2 37.Rde1 Nh5 38.Kh2 Qc3 39.Ne4 Qxc4 40.Rf2 Qb4 41.Ree2 Qc4 42.g4 Ng7
43.Nf6+ Kf7 44.Nxh7 Ke7 45.Ng5 Qd4 46.Kg3 Qd3+ 47.Kh4 Qd4 48.Kg3 Qd3+ 49.Kg2 c4
50.Nf3 Ne8 51.Ne5 Qd5+ 52.Kh2 Nd6 53.Nxg6+ Kf6 54.Rd2 Qc5 55.Ne5 Kg7 56.Nd7 Qc7
57.Ne5 Ne4 58.Nxc4 Nxf2 59.Rxf2 Qxc4 60.Kg3 b5 61.Kg2 b4 62.Kg3 Qd4 63.Kg2 Qe4+
64.Kg3 Qh1 65.Rg2 Kf6 66.Rf2 e5 67.fxe5+ Kxe5 68.Re2+ Kd4 69.g5 Qf1 70.Rg2 Ke4
71.Kh2 Qf4+ 72.Rg3 Qd2+ 73.Rg2 Qd6+ 74.Rg3 Qg6 75.Rg2 Kf3 76.Rg3+ Kf4 77.Rg4+ Kf5
78.Rg3 Qe6 79.Rg2 Kg6 80.h4 Qe5+ 81.Kg1 Qe1+ 82.Kh2 Qxh4+ 83.Kg1 Qe1+ 84.Kh2 Qf1
85.Rg4 Qf2+ 86.Rg2 Qe1 87.Rg4 Qe5+ 88.Kh3  0-1

[Event "URS-ch (Women)"]
[Site "Ivano Frankovsk"]
[Date "1981.??.??"]
[Round "?"]
[White "Gurieli, Nino"]
[Black "Gaprindashvili, Nona"]
[Result "0-1"]
[WhiteElo "2290"]
[BlackElo "2300"]

1.Nf3 Nf6 2.g3 g6 3.Bg2 Bg7 4.O-O O-O 5.c4 c6 6.d4 d5 7.cxd5 cxd5 8.Ne5 Nc6
9.Nc3 e6 10.Nxc6 bxc6 11.Na4 Nd7 12.Be3 Ba6 13.Rc1 Qa5 14.b3 Rfc8 15.Qc2 Bb5
16.Nc3 Ba6 17.Na4 Bf8 18.Nc5 Nxc5 19.dxc5 Bg7 20.Bd2 Qa3 21.Rfe1 Bb5 22.e4 dxe4
23.Bxe4 Rd8 24.Rcd1 f5 25.Bc1 Qb4 26.Bg2 Bd3 27.Ba3 Qxe1+  0-1

[Event "URS-ch (Women)"]
[Site "Ivano Frankovsk"]
[Date "1981.??.??"]
[Round "?"]
[White "Zaitseva, Ludmila G"]
[Black "Gaprindashvili, Nona"]
[Result "0-1"]
[WhiteElo "2160"]
[BlackElo "2300"]

1.d4 d6 2.Nf3 Bg4 3.e3 Nd7 4.Be2 e5 5.c4 Ngf6 6.Nc3 c6 7.O-O Be7 8.b4 O-O
9.Qb3 a5 10.bxa5 Qxa5 11.a4 e4 12.Nd2 Bxe2 13.Nxe2 b5 14.cxb5 cxb5 15.Nc3 Rfb8
16.Bb2 bxa4 17.Rxa4 Qxa4 18.Qxa4 Rxa4 19.Nxa4 d5 20.Bc3 Ra8 21.Ra1 Ne8 22.Nb3 Nc7
23.Nac5 Rxa1+ 24.Bxa1 Bxc5 25.dxc5 f6 26.Bc3 Nb8 27.Ba5 Ne6 28.Kf1 Kf7 29.Ke2 Ke8
30.Kd2 Kd7 31.Kc3 Nc6 32.Bb4 f5 33.Ba3 g5 34.Nd4 f4 35.Nxe6 Kxe6 36.Bc1 d4+
37.Kc4 dxe3 38.fxe3 f3 39.gxf3 exf3 40.Kd3 Ne5+ 41.Kd2 Kd5 42.e4+ Kxe4 43.Ke1 Nd3+
44.Kf1 Nxc1 45.c6 Ke3  0-1

[Event "Candidats (Women) qf2"]
[Site "Lvov"]
[Date "1983.??.??"]
[Round "?"]
[White "Levitina, Irina S"]
[Black "Gaprindashvili, Nona"]
[Result "1-0"]
[WhiteElo "2210"]
[BlackElo "2355"]

1.Nf3 g6 2.d4 Bg7 3.c4 d6 4.Nc3 Bg4 5.g3 Nc6 6.d5 Na5 7.Bd2 c5 8.b3 Nf6 9.Bg2 O-O
10.O-O a6 11.Rc1 Bd7 12.e4 Ne8 13.Qe2 f6 14.Ne1 e5 15.dxe6 Bxe6 16.f4 Nc6
17.f5 Bf7 18.Nf3 Nc7 19.Be3 Qe7 20.Rfe1 Rfe8 21.Qd2 Qf8 22.Bf4 Rad8 23.Nd5 Nxd5
24.exd5 Ne5 25.Nxe5 dxe5 26.Be3 gxf5 27.Qf2 b6 28.Bh3 f4 29.gxf4 Kh8 30.fxe5 Rxe5
31.Bf4 Rh5 32.Bg4 Rg5 33.Bxg5 fxg5 34.Rcd1 h5 35.Rf1 Bg6 36.Qxf8+ Bxf8 37.Bf5 Be8
38.Be6 Bg7 39.Bf7 Bd7 40.Bxh5 Be5 41.Kg2  1-0

[Event "Candidats (Women) qf2"]
[Site "Lvov"]
[Date "1983.??.??"]
[Round "2"]
[White "Levitina, Irina S"]
[Black "Gaprindashvili, Nona"]
[Result "1-0"]
[WhiteElo "2210"]
[BlackElo "2355"]

1.Nf3 d5 2.d4 e6 3.c4 Nf6 4.Nc3 Be7 5.Bg5 Nbd7 6.e3 h6 7.Bh4 O-O 8.Rc1 c6
9.Bd3 dxc4 10.Bxc4 b5 11.Bd3 a6 12.a4 bxa4 13.Nxa4 Qa5+ 14.Nd2 Bb4 15.Nc3 c5
16.Nb3 Qb6 17.O-O cxd4 18.Na4 Qd8 19.Be4 Rb8 20.Nxd4 Bb7 21.Bxb7 Rxb7 22.Nc6 Qa8
23.Qd4 a5 24.Rc4 Qa6 25.Bxf6 Nxf6 26.Nxb4 Rxb4 27.Rxb4 axb4 28.Qxb4 Nd5 29.Qd4 Rc8
30.Nc5 Qb6 31.Rc1 Rb8 32.b3 Ra8 33.Qc4 Rc8 34.h3 Nb4 35.Qd4 Na2 36.Rc4 Qa5
37.Nxe6  1-0

[Event "Candidats (Women) qf2"]
[Site "Lvov"]
[Date "1983.??.??"]
[Round "3"]
[White "Gaprindashvili, Nona"]
[Black "Levitina, Irina S"]
[Result "1-0"]
[WhiteElo "2355"]
[BlackElo "2210"]

1.d4 Nf6 2.c4 e6 3.Nc3 Bb4 4.Nf3 c5 5.g3 b6 6.Bg2 Bb7 7.O-O cxd4 8.Qxd4 Nc6
9.Qd3 O-O 10.Rd1 Rc8 11.b3 d5 12.Bb2 dxc4 13.Qxc4 Qe7 14.a3 Bxc3 15.Qxc3 Rfd8
16.Rxd8+ Qxd8 17.Qe1 Na5 18.Rd1 Qe7 19.Rd3 Ba6 20.Rc3 Rxc3 21.Qxc3 Qc5 22.Qxc5 bxc5
23.Nd2 Nd5 24.e4 Nb6 25.Bc3 Nc6 26.Bf1 Bb7 27.f4 Nd4 28.Bd3 f5 29.Bxd4 fxe4
30.Bxe4 Bxe4 31.Bxc5 Bd5 32.Bxb6 axb6 33.Kf2 Kf7 34.Ke3 Ke7 35.Nc4 b5 36.Nd2 Kd6
37.Kd4 h6 38.h4 Kc6 39.Ke5 Kc5 40.Ne4+ Kc6 41.Nd2  1-0

[Event "Candidats (Women) qf2"]
[Site "Lvov"]
[Date "1983.??.??"]
[Round "4"]
[White "Levitina, Irina S"]
[Black "Gaprindashvili, Nona"]
[Result "1-0"]
[WhiteElo "2210"]
[BlackElo "2355"]

1.Nf3 d5 2.d4 e6 3.c4 Be7 4.Nc3 Nf6 5.Bg5 Nbd7 6.e3 h6 7.Bh4 O-O 8.Rc1 c6
9.Bd3 dxc4 10.Bxc4 a6 11.Bd3 c5 12.O-O b5 13.a4 b4 14.Ne4 cxd4 15.Nxd4 Bb7
16.Nxf6+ Bxf6 17.Bxf6 Nxf6 18.Nc6 Qb6 19.Qc2 Kh8 20.a5 Qc7 21.Nxb4 Qxa5 22.Nc6 Qb6
23.Qc5 Qxc5 24.Rxc5 Rfc8 25.Rfc1 Rxc6 26.Rxc6 Bxc6 27.Rxc6 Rd8 28.Bc2 Nd5
29.Kf1 g5 30.Bb3 Nb4 31.Rb6 a5 32.Ke2 Nd3 33.Bc4 Nc1+ 34.Ke1 Rc8 35.b3 Na2
36.Ra6 Rc5 37.Ra7 Nb4 38.Rxf7 a4 39.Ra7 a3 40.Kd2 a2 41.Kc3  1-0

[Event "Candidats (Women) qf2"]
[Site "Lvov"]
[Date "1983.??.??"]
[Round "5"]
[White "Gaprindashvili, Nona"]
[Black "Levitina, Irina S"]
[Result "1-0"]
[WhiteElo "2355"]
[BlackElo "2210"]

1.d4 Nf6 2.c4 g6 3.Nc3 Bg7 4.e4 d6 5.Be2 O-O 6.Bg5 h6 7.Be3 e5 8.d5 Na6 9.Qd2 Nc5
10.f3 Nh5 11.g3 Kh7 12.O-O-O Bd7 13.Re1 Qe8 14.Bd1 b5 15.cxb5 Bxb5 16.Bxc5 dxc5
17.Nxb5 Qxb5 18.Ne2 Bf6 19.Nc3 Qa5 20.Kb1 Rab8 21.Qc2 Rb4 22.Na4 Rfb8 23.Re3 Bg5
24.Re2 c4 25.Ka1 Be7 26.Rf1 c3 27.Qxc3 Rxa4 28.Bxa4 Qxa4 29.Qxc7 Qb5 30.Rb1 Rb7
31.Qc6 Qb4 32.Rc2 Nf6 33.Rc4 Qb6 34.Qxb6 axb6 35.Rbc1 Bc5 36.a3 Kg7 37.b4 Bd4+
38.Ka2 Ne8 39.Rc8 Nd6 40.Rd8 Nb5 41.a4 Ra7 42.Kb3 Be3 43.Rc6 Nd4+ 44.Kc4 Nxf3
45.d6 Nd2+ 46.Kd3 Bg5 47.Rc7 Rxa4 48.Rdd7 Rxb4 49.Rxf7+ Kg8 50.Rg7+ Kh8 51.Rh7+ Kg8
52.Rcg7+ Kf8 53.Ra7 Kg8 54.Rhd7 Rd4+ 55.Ke2  1-0

[Event "Candidats (Women) qf2"]
[Site "Lvov"]
[Date "1983.??.??"]
[Round "6"]
[White "Levitina, Irina S"]
[Black "Gaprindashvili, Nona"]
[Result "1-0"]
[WhiteElo "2210"]
[BlackElo "2355"]

1.Nf3 d5 2.d4 Bf5 3.c4 e6 4.e3 Nc6 5.cxd5 exd5 6.Bb5 Bd6 7.Nc3 Ne7 8.O-O O-O
9.a3 a6 10.Be2 Qd7 11.Nh4 Be6 12.f4 f6 13.Bd3 Nd8 14.f5 Bf7 15.Bd2 b6 16.Qe2 c5
17.Bxa6 Ndc6 18.Bd3 cxd4 19.Nb5 Be5 20.Nf3 dxe3 21.Bxe3 Rfe8 22.Nxe5 Nxe5
23.Nd4 Nxd3 24.Qxd3 Nc8 25.Rac1 Nd6 26.Bf4 Nc4 27.Qg3 Kh8 28.b3 Ne5 29.a4 Re7
30.Rc3 Rae8 31.Qh4 Bg8 32.Rfc1 Rf8 33.Qg3 Rfe8 34.h3 Qb7 35.Nb5 Nf7 36.Rc7 Qa8
37.Nd4 Ne5 38.Bxe5 fxe5 39.f6 gxf6 40.Nf5 Be6 41.Nxe7  1-0

[Event "Candidats (Women) qf2"]
[Site "Lvov"]
[Date "1983.??.??"]
[Round "7"]
[White "Gaprindashvili, Nona"]
[Black "Levitina, Irina S"]
[Result "0-1"]
[WhiteElo "2355"]
[BlackElo "2210"]

1.d4 Nf6 2.c4 e6 3.Nc3 Bb4 4.Nf3 c5 5.g3 b6 6.Bg2 Bb7 7.O-O cxd4 8.Qxd4 Nc6
9.Qd3 O-O 10.Rd1 Rc8 11.Nb5 Na5 12.Ne5 Bxg2 13.Kxg2 a6 14.Nd4 Qc7 15.Ndf3 d6
16.Nxf7 Qxf7 17.a3 e5 18.Ng5 Qb7+ 19.f3 Bc5 20.b4 Bd4 21.Ra2 Nxc4 22.e3 Nxe3+
23.Bxe3 Rc3 24.Qf5 Rxe3 25.Qe6+ Kh8 26.Rc2 Qd7 27.Qxd7 Nxd7 28.Ne6 Rg8 29.Rc7 Nf6
30.Nxd4 exd4 31.Rxd4 Rxa3 32.Rxd6 Ne8  0-1

[Event "Candidats (Women) qf2"]
[Site "Lvov"]
[Date "1983.??.??"]
[Round "8"]
[White "Levitina, Irina S"]
[Black "Gaprindashvili, Nona"]
[Result "0-1"]
[WhiteElo "2210"]
[BlackElo "2355"]

1.Nf3 g6 2.d4 Bg7 3.c4 d6 4.Nc3 Nd7 5.e4 e5 6.Be2 c6 7.O-O Qe7 8.Be3 Nh6
9.h3 f6 10.Rc1 O-O 11.c5 dxc5 12.dxc5 Nf7 13.b4 Rd8 14.Bc4 Nf8 15.Qb3 Be6
16.Rfd1 Bxc4 17.Qxc4 Ne6 18.Rxd8+ Rxd8 19.Rd1 Rxd1+ 20.Nxd1 Qd7 21.Nb2 f5
22.a4 Bf6 23.Qc2 Kg7 24.Qd1 Qxd1+ 25.Nxd1 a5 26.g4 fxg4 27.hxg4 axb4 28.Nd2 Bg5
29.Nb2 Bxe3 30.fxe3 Nxc5  0-1

[Event "Candidats (Women) qf2"]
[Site "Lvov"]
[Date "1983.??.??"]
[Round "9"]
[White "Gaprindashvili, Nona"]
[Black "Levitina, Irina S"]
[Result "1-0"]
[WhiteElo "2355"]
[BlackElo "2210"]

1.d4 d5 2.c4 dxc4 3.Nf3 c5 4.d5 e6 5.Nc3 exd5 6.Qxd5 Qxd5 7.Nxd5 Bd6 8.Nd2 Ne7
9.Nxc4 Nxd5 10.Nxd6+ Ke7 11.Nxc8+ Rxc8 12.Bg5+ f6 13.O-O-O Rd8 14.e4 fxg5
15.exd5 Rd6 16.Bc4 Nd7 17.Rhe1+ Kf6 18.b3 Ne5 19.Re4 Rad8 20.Rf1 Nxc4 21.bxc4 Ra6
22.Kb2 Rdd6 23.f4 Rdb6+ 24.Ka1 Ra4 25.fxg5+ Kxg5 26.Re5+ Kh6 27.Re6+ g6 28.Rxb6 axb6
29.d6 Ra8 30.Rb1 Rd8 31.Rxb6 Rd7 32.Kb2 Kg5 33.Kb3 Kf6 34.Ka4 Ke5 35.Kb5 Kd4
36.a4 h5 37.a5 Rf7 38.a6 bxa6+ 39.Rxa6 g5 40.Ra1 Rf8 41.Rd1+ Ke5 42.d7  1-0

[Event "Bela Crkva op"]
[Site "Bela Crkva"]
[Date "1984.??.??"]
[Round "?"]
[White "Velimirovic, Dragoljub"]
[Black "Gaprindashvili, Nona"]
[Result "1/2-1/2"]
[WhiteElo "2500"]
[BlackElo "2330"]

1.e4 c5 2.Nf3 d6 3.d4 cxd4 4.Nxd4 Nf6 5.Nc3 a6 6.Bg5 e6 7.f4 Qc7 8.Qf3 b5
9.f5 b4 10.Ncb5 axb5 11.Bxb5+ Bd7 12.fxe6 Bxb5 13.Nxb5 Qc5 14.Bxf6 Qxb5 15.Bxg7 Bxg7
16.Qxf7+ Kd8 17.Qxg7 Re8 18.Rf1 b3 19.cxb3 Qb4+ 20.Kf2 Qc5+ 21.Kg3 Ra7 22.Qf6+ Rae7
23.Rad1 Rg8+ 24.Kh4 Nc6 25.Rd5 Qb4 26.Rf4 Rxg2 27.e5 Qe1+ 28.Kh3 Rg3+ 29.hxg3 Qh1+
30.Kg4 Qxd5 31.exd6 Ne5+ 32.Kh5 Nd7+ 33.Qg5 Qh1+ 34.Kg4 h5+ 35.Kf5 Qd5+ 36.Kg6 Qxd6
37.Qa5+ Nb6 38.Rf8+ Kc7 39.Qc3+ Kb7 40.Rf7 Qxe6+ 41.Qf6 Qg4+ 42.Kh6 Rxf7
43.Qxf7+ Nd7 44.Qd5+ Kb6 45.Qd6+ Kb7 46.b4 h4 47.Qd5+ Kc7  1/2-1/2

[Event "Jajce (Women)"]
[Site "Jajce"]
[Date "1984.??.??"]
[Round "?"]
[White "Maksimovic, Suzana"]
[Black "Gaprindashvili, Nona"]
[Result "0-1"]
[WhiteElo "2000"]
[BlackElo "2330"]

1.c4 Nf6 2.Nc3 d6 3.g3 e5 4.Bg2 Be7 5.e3 c6 6.Nge2 Be6 7.d3 Qd7 8.O-O Bh3
9.f4 h5 10.e4 h4 11.f5 hxg3 12.hxg3 Na6 13.Bxh3 Rxh3 14.Kg2 Rh8 15.Rh1 O-O-O
16.Be3 Ng4 17.Bxa7 g6 18.Na4 Qe8 19.Qd2 gxf5 20.exf5 Qg8 21.Rxh8 Qxh8 22.Rh1 Qg7
23.Nec3 Rh8 24.Qd1 Rxh1 25.Qxh1 Qh6 26.Qxh6 Nxh6 27.g4 Nxg4 28.Kf3 Nf6 29.a3 Nc7
30.b4 b5 31.Nb2 d5 32.cxd5 cxd5 33.Bb6 d4 34.Ne4 Nfd5 35.Bc5 Kd7 36.a4 bxa4
37.Nxa4 Kc6 38.Nb2 Bxc5 39.bxc5 Na6 40.Nc4 f6 41.Na5+ Kb5 42.Nb7 Nab4 43.Nbd6+ Kc6
44.Ke2 Nf4+ 45.Kf3 Nbd5 46.Nf2 Kxc5 47.Nf7 Kc6 48.Nh6 Kd7 49.Nhg4 Ke7 50.Nh2 Nc3
51.Nf1 Nxd3 52.Nxd3 e4+ 53.Kf2 exd3 54.Nd2 Kd6 55.Ke1 Kd5 56.Nb3 Ne4  0-1

[Event "Jajce (Women)"]
[Site "Jajce"]
[Date "1984.??.??"]
[Round "?"]
[White "Markovic, Gordana"]
[Black "Gaprindashvili, Nona"]
[Result "1-0"]
[WhiteElo "2160"]
[BlackElo "2330"]

1.e4 c6 2.d4 g6 3.Nf3 Bg7 4.Nc3 d5 5.h3 Nh6 6.Be2 f6 7.O-O Nf7 8.b3 O-O 9.Bb2 e6
10.Re1 b5 11.Bd3 a5 12.Ne2 Na6 13.a3 Rb8 14.Rb1 b4 15.Ng3 Qd6 16.Ra1 Ra8
17.axb4 axb4 18.Qe2 Nc7 19.Rxa8 Nxa8 20.Ra1 Qb8 21.Qe1 Rd8 22.Ra4 Bf8 23.Bc1 Bd7
24.Ra2 Nc7 25.Bd2 Qb7 26.Ne2 Ra8 27.Rxa8 Qxa8 28.exd5 Nxd5 29.Bc4 Qa2 30.Bd3 Bd6
31.Nc1 Qa1 32.Ne2 Qa2 33.Nc1 Qb2 34.Be4 Kg7 35.Nd3 Qa2 36.Nxb4 Qa3 37.Nd3 Qa7
38.c4 Ne7 39.Nf4 Qb8 40.Qe3 Bxf4 41.Qxf4 Qxb3 42.Qc7 f5 43.Bc2 Qxc2 44.Qxd7 Qb1+
45.Kh2 Qb8+ 46.g3 Qd6 47.Qa7 h6 48.h4 Kf8 49.Bf4 Qb4 50.Ne5 Nxe5 51.Bxh6+ Ke8
52.dxe5 Qxc4 53.Qb8+ Kd7 54.Qa7+ Ke8 55.Bg5 Ng8 56.Qh7 Kf8 57.Bf6  1-0

[Event "Jajce (Women)"]
[Site "Jajce"]
[Date "1984.??.??"]
[Round "?"]
[White "Erenska Radzewska, Hanna"]
[Black "Gaprindashvili, Nona"]
[Result "1/2-1/2"]
[WhiteElo "2225"]
[BlackElo "2330"]

1.e4 c5 2.Nf3 d6 3.d4 cxd4 4.Nxd4 Nf6 5.Nc3 a6 6.f4 e5 7.Nf3 Nbd7 8.a4 Be7
9.Bc4 Qa5 10.Bd2 exf4 11.Qe2 O-O 12.O-O Ne5 13.Bb3 Ng6 14.Kh1 Qc5 15.Rad1 Bg4
16.Bc1 Qh5 17.Nd5 Nxd5 18.Rxd5 Qh6 19.Qf2 Be6 20.Rdd1 Rac8 21.Nd4 Bh4 22.Qf3 Ne5
23.Qxf4 Qxf4 24.Bxf4 Bxb3 25.cxb3 Bf6 26.Nf5 Rc2 27.Nxd6 Ng4 28.Rd5 Bxb2
29.e5 Re2 30.Nc4 Bc3 31.h3 Nf2+ 32.Kg1 Ne4 33.Nd6 f6 34.exf6 Rxf6 35.Rc1 Rxf4
36.Nxe4 Rfxe4 37.Rxc3 Re7 38.Rf5  1/2-1/2

[Event "Jajce (Women)"]
[Site "Jajce"]
[Date "1984.??.??"]
[Round "?"]
[White "Alexandria, Nana"]
[Black "Gaprindashvili, Nona"]
[Result "1/2-1/2"]
[WhiteElo "2370"]
[BlackElo "2330"]

1.d4 Nf6 2.Nf3 d6 3.Nc3 g6 4.e4 Bg7 5.Be2 O-O 6.O-O c6 7.a4 Nbd7 8.Be3 e5
9.dxe5 dxe5 10.Nd2 Qe7 11.Nc4 Nc5 12.Qd6 Qxd6 13.Nxd6 Ne6 14.a5 Nd4 15.Bd1 Rd8
16.Nxc8 Raxc8 17.f3 b5 18.Na2 c5 19.c3 Ne6 20.b3 Bf8 21.Be2 a6 22.Rfd1 Rxd1+
23.Rxd1 Rd8 24.Kf2 Be7 25.g3 Ne8  1/2-1/2

[Event "Jajce (Women)"]
[Site "Jajce"]
[Date "1984.??.??"]
[Round "?"]
[White "Gaprindashvili, Nona"]
[Black "Szmacinska, Grazyna"]
[Result "1-0"]
[WhiteElo "2330"]
[BlackElo "2105"]

1.d4 Nf6 2.c4 g6 3.Nc3 Bg7 4.e4 d6 5.Be2 O-O 6.Nf3 e5 7.O-O Nc6 8.Be3 Bg4
9.d5 Ne7 10.Ne1 Bxe2 11.Qxe2 Nh5 12.Nd3 f5 13.f4 fxe4 14.Nxe4 exf4 15.Nxf4 Nxf4
16.Bxf4 Nf5 17.Rae1 Qd7 18.b3 Rae8 19.Qg4 Qe7 20.g3 Bd4+ 21.Kg2 Ne3+ 22.Bxe3 Rxf1
23.Kxf1 Qxe4 24.Qxe4 Rxe4 25.Bxd4 Rxd4 26.Re7 Rd2 27.Rxc7 Rxa2 28.Rxb7 a5
29.Ke1 Kf8 30.Rxh7 Rb2 31.Rd7 Rxb3 32.Rxd6 a4 33.Kd2 Rb2+ 34.Kc3 Rxh2 35.Rxg6 a3
36.Ra6 a2 37.Kb3  1-0

[Event "Jajce (Women)"]
[Site "Jajce"]
[Date "1984.??.??"]
[Round "?"]
[White "Gaprindashvili, Nona"]
[Black "Petrovic, Marija"]
[Result "1-0"]
[WhiteElo "2330"]
[BlackElo "2125"]

1.d4 Nf6 2.c4 g6 3.Nc3 Bg7 4.e4 d6 5.f3 O-O 6.Bg5 Nc6 7.Nge2 e5 8.d5 Ne7
9.Qd2 a6 10.Ng3 Bd7 11.Bd3 Rb8 12.b4 Ne8 13.O-O f6 14.Be3 f5 15.exf5 Nxf5
16.Bg5 Bf6 17.Nge4 Bxg5 18.Nxg5 Neg7 19.c5 Qe7 20.Nge4 Nd4 21.Rae1 Nh5 22.Bc4 Rf4
23.Ne2 Nxe2+ 24.Rxe2 Rbf8 25.c6 bxc6 26.dxc6+ Be6 27.Bxe6+ Qxe6 28.Ng5 Qc4
29.Rc1 Qxb4 30.Ne6 Qb6+ 31.Qe3 Rb8 32.Qxb6 Rxb6 33.Nxc7 Rf8 34.Nd5 Rb5 35.c7 Rxd5
36.c8=Q Rxc8 37.Rxc8+ Kg7 38.g3 Kf6 39.Rcc2 Ke6 40.f4 Ra5 41.fxe5 dxe5 42.Rc6+ Kd5
43.Rc7 Nf6 44.Rd2+ Ke4 45.Kf1 Ke3 46.Ke1 g5 47.Rf7 Nd5 48.Rd7 Ke4 49.Rb7 Nc3
50.Rc7 Nxa2 51.Rcc2 Nb4 52.Rc4+ Kf5 53.Rxb4 Ra1+ 54.Rd1 Ra2 55.Rd2  1-0

[Event "Jajce (Women)"]
[Site "Jajce"]
[Date "1984.??.??"]
[Round "?"]
[White "Gaprindashvili, Nona"]
[Black "Nutu Gajic, Dana"]
[Result "1/2-1/2"]
[WhiteElo "2330"]
[BlackElo "2165"]

1.d4 d5 2.c4 dxc4 3.Nf3 Nf6 4.e3 e6 5.Bxc4 c5 6.Qe2 a6 7.dxc5 Bxc5 8.O-O Nc6
9.Nc3 Qc7 10.Bd2 O-O 11.Rac1 Bd7 12.Bd3 Ne5 13.Bb1 Nxf3+ 14.Qxf3 Bc6 15.e4 Bd6
16.h3 Qb6 17.Qe2 Be5 18.Be3 Bd4 19.Bxd4 Qxd4 20.Rcd1 Qe5 21.f4 Qc5+ 22.Qf2 Qxf2+
23.Kxf2 Rfd8 24.Ke3 Kf8 25.g4 h6 26.Rxd8+ Rxd8 27.Rc1 Ke7 28.Ne2 Rc8 29.Nd4 Bd7
30.Rxc8 Bxc8 31.Nf3 b6 32.b4 Bb7 33.Bd3 Nd7 34.h4 f6 35.h5 Kd8 36.Nd4 Nf8
37.Be2 Bc8 38.Nf3 e5 39.fxe5 fxe5 40.g5 hxg5 41.Nxg5 Ke7 42.Bc4 Kf6 43.Nf7 Be6
44.Bxe6 Kxe6 45.Nd8+ Kd7  1/2-1/2

[Event "Jajce (Women)"]
[Site "Jajce"]
[Date "1984.??.??"]
[Round "?"]
[White "Gaprindashvili, Nona"]
[Black "Nikolin, Zorica"]
[Result "1-0"]
[WhiteElo "2330"]
[BlackElo "2125"]

1.d4 d5 2.c4 e6 3.Nf3 Nf6 4.Bg5 Be7 5.Nc3 h6 6.Bh4 O-O 7.e3 b6 8.Qb3 Bb7
9.Bxf6 Bxf6 10.cxd5 exd5 11.Rd1 Re8 12.a3 c6 13.Bd3 Nd7 14.O-O Nf8 15.Rfe1 Ne6
16.Bb1 Qd7 17.Qa4 Red8 18.Ne5 Bxe5 19.dxe5 c5 20.Qc2 Nf8 21.Ba2 Qc7 22.Nxd5 Qxe5
23.f4 Qd6 24.e4 Rd7 25.e5 Qc6 26.f5 Kh8 27.e6 Rd6 28.exf7 Rad8 29.Nf4 Qd7
30.Rxd6 Qxd6 31.Re8 Qd4+ 32.Qf2 Qd1+ 33.Qe1 Qd4+ 34.Qe3 Qd1+ 35.Kf2 g5 36.Ng6+  1-0

[Event "Jajce (Women)"]
[Site "Jajce"]
[Date "1984.??.??"]
[Round "?"]
[White "Gaprindashvili, Nona"]
[Black "Muresan, Margareta"]
[Result "1/2-1/2"]
[WhiteElo "2330"]
[BlackElo "2230"]

1.d4 d5 2.c4 c6 3.e3 Nf6 4.Nf3 Bf5 5.Nc3 e6 6.Bd3 Bxd3 7.Qxd3 Nbd7 8.O-O Be7
9.b3 O-O 10.Bb2 Rc8 11.Rfd1 Qa5 12.e4 dxe4 13.Nxe4 Nxe4 14.Qxe4 Ba3 15.Rab1 Bxb2
16.Rxb2 Nf6 17.Qe5 Qc3 18.Rbb1 Rfd8 19.h3 h6 20.Qf4 Qb4 21.Rd3 Qe7 22.Ne5 Nh5
23.Qf3 Nf6 24.Qe2 Rd6 25.f4 Rcd8 26.g4 Nh7 27.Kg2 Qf6 28.Qe4 Nf8 29.Kg3 Ng6
30.Nxg6 fxg6 31.Qe5 g5 32.Qxf6 gxf6 33.Kf3 Kf7 34.Ke4 gxf4 35.Kxf4 Kg6 36.Ke4 R8d7
37.Rb2 Kg5 38.Rf2 Rd8 39.Rd1 R6d7 40.Rd3 Rd6 41.Rd1 R8d7 42.Rf3 Rd8 43.h4+ Kg6
44.g5 hxg5 45.hxg5 f5+ 46.Ke5 R6d7 47.Kxe6 Rxd4 48.Rxd4 Rxd4 49.Rxf5 Re4+
50.Re5 Rd4 51.Re2 Kxg5 52.Rf2 a5 53.Rf7 b5 54.Rf5+ Kg4 55.Rc5 Rd2 56.a4 Rb2
57.axb5 cxb5 58.cxb5  1/2-1/2

[Event "Jajce (Women)"]
[Site "Jajce"]
[Date "1984.??.??"]
[Round "?"]
[White "Gaprindashvili, Nona"]
[Black "Macek, Vlasta"]
[Result "1/2-1/2"]
[WhiteElo "2330"]
[BlackElo "2085"]

1.d4 Nf6 2.c4 g6 3.Nc3 Bg7 4.e4 d6 5.Be2 O-O 6.Bg5 c5 7.dxc5 Qa5 8.Bd2 Qxc5
9.Nf3 Bg4 10.Be3 Qa5 11.O-O Nc6 12.Nd2 Bxe2 13.Qxe2 Rac8 14.a3 Qh5 15.f3 Nd7
16.Rac1 b6 17.Kh1 Be5 18.g4 Qh3  1/2-1/2

[Event "Jajce (Women)"]
[Site "Jajce"]
[Date "1984.??.??"]
[Round "?"]
[White "Gaprindashvili, Nona"]
[Black "Fischdick, Gisela"]
[Result "1/2-1/2"]
[WhiteElo "2330"]
[BlackElo "2215"]

1.d4 Nf6 2.c4 e6 3.Nf3 d5 4.Bg5 Bb4+ 5.Nc3 h6 6.Bxf6 Qxf6 7.e3 c5 8.Rc1 cxd4
9.Nxd4 O-O 10.cxd5 exd5 11.Qb3 Bxc3+ 12.Qxc3 Bd7 13.Bb5 Bxb5 14.Nxb5 Qb6
15.Nc7 Rc8 16.O-O Qd6 17.Qa3 Qxc7 18.Rxc7 Rxc7 19.Rd1 Na6 20.g3 Rd7 21.Qa4 Rd6
22.b4 Nc7 23.b5 a6 24.Qb4 Rd7 25.bxa6 Nxa6 26.Qb5 Rad8 27.a4 Nb8 28.Kg2 Nc6
29.a5 g6 30.Qc5 Ra8 31.Ra1 Ra6 32.Ra4 Kg7 33.Qb5 Kg8 34.g4 Kg7 35.h4 Kg8
36.Kg3 Kg7 37.h5 g5 38.Qd3 Ne7 39.f4 Re6 40.fxg5 hxg5 41.Rd4 Rc7 42.Rb4 Nc6
43.Qc3+ Kg8 44.Rb6 Rce7 45.Kf2 d4 46.exd4 Re2+ 47.Kf3 R2e4 48.Rxc6 bxc6 49.a6 Rf4+
50.Kg3 Ree4  1/2-1/2